000 00611nam a2200241Ia 4500
005 20260430150523.0
008 008 250103s9999 xx 000 0 eng d
037 _aTheses
040 _aCRL
040 _beng
040 _ceng
041 _2eng
041 _aeng
084 _qCRL
100 _aLone Ayjaz Ahmad Au.; Qadri Mushtaq Aalam Gu.
_91237743
245 0 _aUrdu khake ka mauzuaati aur usloobiyati mutala
260 _c2023
300 _a319p.
650 _aUrdu Prose
700 _aUniversity of Delhi. Faculty of Arts. Department of Urdu
942 _cTH
999 _c1849982
_d1849982